000 00455nam a2200193Ia 4500
003 OSt
005 20231016153912.0
008 210210b1878 xxu||||| |||| 00| 0 eng d
040 _cAL
041 _aeng
082 _a825/1089
100 _aELIOT (George)
_9138155
245 _aMorrison
260 _aLondon
_bMacmillan & Co. Ltd.
_c1878
650 _aMorrison
_9138156
690 _aEnglish Criticism
_9138157
906 _a015404
942 _2ddc
_cBK
999 _c134764
_d134764